000 00491nam a2200181Ia 4500
001 4777
005 20260306145820.0
008 260306t2008||||xx |||||||||||||| ||spa||
041 _aESP
082 _a330.07
_bC265
100 _aBarrantes, Roxana
_eAUT
245 0 _aLa investigación económica y social en el Perú, 2004-2007:
_bbalance y prioridad para el futuro
260 _c2008
300 _a227 páginas :
_c21 cm.
650 _aGEN
654 _aCAN
942 _cLIB
_dJUS
_fJUS
_2ddc
_n
999 _c4777
_d4777